Statistiques concernant Les 50... Pilotes de F1

Cliquez ici pour prendre le quiz!

Statistiques générales

  • Ce quiz a été pris 152 fois
  • Le résultat moyen est 30 sur 50

Statistiques - réponses

Réponse% Correct
Lewis Hamilton
98%
Charles Leclerc
94%
Ayrton Senna
92%
Esteban Ocon
92%
Max Verstappen
92%
Pierre Gasly
92%
Alain Prost
91%
Carlos Sainz Jr.
91%
Fernando Alonso
91%
Michael Schumacher
91%
Sébastien Vettel
91%
Valtteri Bottas
90%
Ralf Schumacher
89%
Sergio Perez
89%
Romain Grosjean
87%
Lance Stroll
86%
Yuki Tsunoda
85%
Lando Norris
83%
Alexander Albon
81%
Nico Hülkenberg
78%
Nico Rosberg
78%
Daniel Ricciardo
77%
Kevin Magnussen
76%
Jacques Villeneuve
75%
Kimi Raikkonen
67%
Niki Lauda
67%
Felipe Massa
64%
Jenson Button
61%
Mika Hakkinen
59%
Mark Webber
55%
Daniil Kvyat
52%
Robert Kubica
48%
Damon Hill
42%
Nigel Mansell
41%
David Coulthard
40%
Nelson Piquet
38%
Rubens Barrichello
36%
Jean Alesi
35%
Juan Pablo Montoya
31%
Olivier Panis
23%
Giancarlo Fisichella
17%
Jacques Laffite
17%
Jarno Trulli
17%
Mario Andretti
17%
Heikki Kovalainen
16%
Gerhard Berger
15%
Adrian Sutil
10%
Andrea de Cesaris
10%
Heinz-Harald Frentzen
8%
Martin Brundle
6%

Distribution des résultats

Percentile par nombre de réponses

% des personnes avec chaque résultat

Votre développement - résultats

Vous n’avez pas pris ce quiz